| 000 | 00827nam a2200253 a 4500 | ||
|---|---|---|---|
| 001 | BRCA_7978 | ||
| 005 | 20190320210059.0 | ||
| 008 | 120314s1972----ag-a###f##---#000-0#spa-# | ||
| 041 | _aspa | ||
| 044 | _aag | ||
| 050 | 4 |
_aND813 _b.G64 _c1972 |
|
| 100 | 1 |
_aGonzales, Miguel _919783 |
|
| 245 | 1 | 0 |
_aLa Conquista de México _cMiguel Gonzales ; textos y catalogación por Martha Dujovne. |
| 260 |
_aBuenos Aires _bAsociación Amigos del Museo de Bellas Artes de Buenos Aires _c1972 |
||
| 300 |
_a56 p. _bil. (algunas a color), 33 láminas _c25 cm. |
||
| 440 | 0 |
_aPintura americana _919784 |
|
| 500 | _a304 | ||
| 504 | _aBibliografía p. 56 | ||
| 650 | 1 | 4 |
_aConquista de México _vIlustraciones _919785 |
| 650 | 1 | 4 |
_aConquista de México _vHistoria _919786 |
| 700 | 1 |
_aDujovne, Martha _919787 |
|
| 902 | _aGFM | ||
| 942 |
_2lcc _cB |
||
| 999 |
_c7647 _d7647 |
||